Catálogo
 En Linea

Tiempo y espacio / (Registro nro. 51110)

Detalles MARC
000 -CABECERA
campo de control de longitud fija 01356nam a22002777a 4500
003 - IDENTIFICADOR DEL NÚMERO DE CONTROL
campo de control DO-SdBNP
005 - FECHA Y HORA DE LA ÚLTIMA TRANSACCIÓN
campo de control 20211213123100.0
007 - CAMPO FIJO DE DESCRIPCIÓN FÍSICA--INFORMACIÓN GENERAL
campo de control de longitud fija ta
008 - DATOS DE LONGITUD FIJA--INFORMACIÓN GENERAL
campo de control de longitud fija 211209b2018 dr ||||| |||| 00| p spa d
020 ## - NÚMERO INTERNACIONAL ESTÁNDAR DEL LIBRO
Número Internacional Estándar del Libro 9789945614039
040 ## - FUENTE DE LA CATALOGACIÓN
Centro catalogador/agencia de origen DO-SdBNP
Lengua de catalogación spa
Centro/agencia transcriptor BNPHU
041 ## - CÓDIGO DE LENGUA
Código de lengua original spa
082 #4 - NÚMERO DE LA CLASIFICACIÓN DECIMAL DEWEY
Número de edición 22
Número de documento/Ítem A452t
100 1# - ENTRADA PRINCIPAL--NOMBRE DE PERSONA
Nombre de persona Almonte, Narciso
9 (RLIN) 75586
245 10 - MENCIÓN DE TÍTULO
Título Tiempo y espacio /
Mención de responsabilidad, etc. Narciso Almonte ; diseño e ilustración de portada ; Narciso Almonte, hijo ; corrección de estilo ; Juan Martínez Luque.
246 10 - FORMA VARIANTE DE TÍTULO
Título propio/Titulo breve Tiempo y espacio :
Resto del título escritura de lo íntimo /
260 ## - PUBLICACIÓN, DISTRIBUCIÓN, ETC.
Lugar de publicación, distribución, etc. Santo Domingo :
Nombre del editor, distribuidor, etc. Santuario,
Fecha de publicación, distribución, etc. 2018.
300 ## - DESCRIPCIÓN FÍSICA
Extensión 42 p. ;
Otras características físicas il. ;
Dimensiones 23 cm.
500 ## - NOTA GENERAL
Nota general Incluye datos biográficos del autor en la solapa de la cubierta
505 0# - NOTA DE CONTENIDO CON FORMATO
Nota de contenido con formato Tiempo y espacio : escritura de lo íntimo / Odaliís G. Pérez -- A propósito de tiempo y espacio -- Pensando en versos -- Nada -- Nacer en el color de la isla -- Un mundo en rebeldía -- En la medida del tiempo -- Lidia -- Adina -- Paseo del sol -- Era septiembre -- En la sequía -- Una planta -- Antes de morir -- La vida continúa -- Dando vuelta en el espacio -- Remolino de sueños -- Comentario y crítica.
590 ## - NOTA LOCAL (RLIN)
Nota local Inventariado, 2021 /LP
700 1# - PUNTO DE ACCESO ADICIONAL--NOMBRE DE PERSONA
Nombre de persona Almonte, Narciso (hijo),
Término indicativo de función/relación il.
9 (RLIN) 80841
700 1# - PUNTO DE ACCESO ADICIONAL--NOMBRE DE PERSONA
Nombre de persona Martínez Luque, Juan,
Término indicativo de función/relación corr.
9 (RLIN) 73431
910 ## - DATOS DE OPCIÓN DEL USUARIO (OCLC)
Datos de opción del usuario Lopérez.
942 ## - ELEMENTOS DE PUNTO DE ACCESO ADICIONAL (KOHA)
Fuente del sistema de clasificación o colocación Dewey Decimal Classification
Tipo de ítem Koha Libro
Existencias
Estado de retiro Estado de pérdida Fuente del sistema de clasificación o colocación Restricciones de uso No para préstamo Código de colección Localización permanente Ubicación/localización actual Ubicación en estantería Fecha de adquisición Fuente de adquisición Total de préstamos Signatura topográfica completa Código de barras Fecha visto por última vez Precio válido a partir de Tipo de ítem Koha Número de copia
    Dewey Decimal Classification Préstamo en sala   Dominicana de Servicio Biblioteca Nacional Pedro Henríquez Ureña Dominicana Depósito 09.12.2021 Depósito Legal   A452t 2021-28530 09.12.2021 09.12.2021 Libro y Folleto Colección Dominicana de Servicio e.3
    Dewey Decimal Classification Excluido de préstamo   Patrimonio Dominicano Biblioteca Nacional Pedro Henríquez Ureña Patrimonio Dominicano Depósito 09.12.2021 Depósito Legal   A452t 2021-28528 09.12.2021 09.12.2021 Libro y Folleto Colección Patrimonio Dominicano  
    Dewey Decimal Classification Excluido de préstamo   Patrimonio Dominicano Biblioteca Nacional Pedro Henríquez Ureña Patrimonio Dominicano Depósito 09.12.2021 Depósito Legal   A452t 2021-28529 09.12.2021 09.12.2021 Libro y Folleto Colección Patrimonio Dominicano e.2

Con tecnología Koha